000 00821nam a22002057a 4500
005 20251108165449.0
008 250721s1991 xx 000 0 ara d
082 1 4 _aم/217.3/بيه
100 1 _aالبهقي، أبو بكر أحمد بن الحسين
245 1 0 _aمعرفة السنن و الآثار عن الإمام أبي عبد الله محمد بن إدريس الشافعي :
_bمخرج على ترتيب مختصر أبي إبراهيم ... المزني /
264 1 _aبيروت :
_bدار الكتب العلمية،
_c1991.
300 _a7مج
650 1 7 _aالإسلام
650 1 7 _aالفقه الإسلامي
650 1 7 _aالفقه الشافعي
650 1 7 _aالفقهاء المسلمون
700 1 _aحسن، سيد كسروي
_eتحقيق
942 _2ddc
_cREF
999 _c28559
_d28559